Global harmonisation - fact or fiction? (Record no. 74336)
[ view plain ]
| 000 -LEADER | |
|---|---|
| fixed length control field | 01088cab a2200229 4500 |
| 001 - CONTROL NUMBER | |
| control field | ABS67576 |
| 008 - FIXED-LENGTH DATA ELEMENTS--GENERAL INFORMATION | |
| fixed length control field | 040331n2004 000 0 eng u |
| 035 ## - SYSTEM CONTROL NUMBER | |
| System control number | (Sirsi) u125696 |
| 100 ## - MAIN ENTRY--PERSONAL NAME | |
| Personal name | Xavier, G. |
| 245 ## - TITLE STATEMENT | |
| Title | Global harmonisation - fact or fiction? |
| 260 ## - PUBLICATION, DISTRIBUTION, ETC. | |
| Date of publication, distribution, etc. | 2004 |
| 490 ## - SERIES STATEMENT | |
| Series statement | Construction Law Journal |
| Volume/sequential designation | 20(1) 2004, 3-18(16) |
| 520 ## - SUMMARY, ETC. | |
| Summary, etc. | Looks at some of the most important issues governing the global harmonisation of construction contract laws. Discusses its need, especially as more countries are entering into cross-border transactions. Looks at European efforts to standardise these laws and the difficulties which have emerged. Finally considers the two main areas of contract law, good faith and liquidated and ascertained damages. Concludes they must be given priority when a global or regional uniform contract law is enacted. |
| 590 ## - LOCAL NOTE (RLIN) | |
| Local note | ABS |
| 650 ## - SUBJECT ADDED ENTRY--TOPICAL TERM | |
| Topical term or geographic name entry element | LIQUIDATED DAMAGES |
| 650 ## - SUBJECT ADDED ENTRY--TOPICAL TERM | |
| Topical term or geographic name entry element | ASCERTAINED DAMAGES |
| 650 ## - SUBJECT ADDED ENTRY--TOPICAL TERM | |
| Topical term or geographic name entry element | GOOD FAITH |
| 650 ## - SUBJECT ADDED ENTRY--TOPICAL TERM | |
| Topical term or geographic name entry element | CONTRACT LAW |
| 650 ## - SUBJECT ADDED ENTRY--TOPICAL TERM | |
| Topical term or geographic name entry element | EUROPE |
| 690 ## - LOCAL SUBJECT ADDED ENTRY--TOPICAL TERM (OCLC, RLIN) | |
| Topical term or geographic name as entry element | BUILT ENVIRONMENT-BUILDING CONTRACT FORMS |
| 942 ## - ADDED ENTRY ELEMENTS (KOHA) | |
| Suppress in OPAC | 0 |
| Withdrawn status | Lost status | Source of classification or shelving scheme | Damaged status | Not for loan | Home library | Current library | Shelving location | Date acquired | Total Checkouts | Full call number | Barcode | Date last seen | Copy number | Price effective from | Koha item type |
|---|---|---|---|---|---|---|---|---|---|---|---|---|---|---|---|
| Dewey Decimal Classification | London | London | Journal article | 31/03/2004 | ABS67576 | 125696-1001 | 06/08/2019 | 1 | 06/08/2019 | Journal article |